[Event "NRW Class1 1819"]
[Site "Germany"]
[Date "2019.04.14"]
[Round "8.2"]
[White "Gottkehaskamp, Philipp"]
[Black "Kartsev, Soel"]
[Result "1-0"]
[WhiteElo "2029"]
[BlackElo "2200"]
[PlyCount "91"]
[EventDate "2018.09.16"]
[EventType "team-tourn"]
[EventRounds "9"]
[EventCountry "GER"]
[SourceTitle "EXT 2022"]
[Source "ChessBase"]
[SourceDate "2021.10.06"]
[SourceVersion "1"]
[SourceVersionDate "2021.10.06"]
[SourceQuality "1"]
[WhiteTeam "Nienberge"]
[BlackTeam "Brackel SF"]
[WhiteTeamCountry "GER"]
[BlackTeamCountry "GER"]

1. d4 Nf6 2. g3 e6 3. Bg2 d5 4. Nf3 Nbd7 5. 0-0 Bd6 6. c4 dxc4 7. Nbd2 b5 8. Ne5 Nd5 9. Nc6 Qf6 10. e4 c3 11. Nb3 N5b6 12. e5 Nxe5 13. dxe5 Bxe5 14. Nxe5 Qxe5 15. Bf4 Qf6 16. Bxa8 Nxa8 17. Qf3 0-0 18. Qxc3 Qf5 19. Nd4 Qh3 20. Nc6 Bb7 21. Qc5 Nb6 22. Ne7+ Kh8 23. Ng6+ hxg6 24. Qxf8+ Kh7 25. f3 f6 26. Rad1 Nd5 27. Bd2 b4 28. Qc5 g5 29. Qxa7 Bc6 30. Qa6 Bd7 31. Qd3+ Kg8 32. Bxb4 g4 33. Bd2 f5 34. Qe2 gxf3 35. Qxf3 Bc6 36. g4 Qh4 37. Qg3 Qe7 38. Rc1 Bb7 39. gxf5 exf5 40. Bh6 f4 41. Qxg7+ Qxg7+ 42. Bxg7 Kxg7 43. Rfd1 Kf6 44. Rxc7 Nxc7 45. Rd7 Bd5 46. a3 1-0

[Event "NRW Class1 1819"]
[Site "Germany"]
[Date "2019.03.17"]
[Round "7.1"]
[White "Gottkehaskamp, Philipp"]
[Black "Karthaeuser, Johannes"]
[Result "0-1"]
[WhiteElo "2029"]
[BlackElo "2157"]
[PlyCount "72"]
[EventDate "2018.09.16"]
[EventType "team-tourn"]
[EventRounds "9"]
[EventCountry "GER"]
[SourceTitle "EXT 2022"]
[Source "ChessBase"]
[SourceDate "2021.10.06"]
[SourceVersion "1"]
[SourceVersionDate "2021.10.06"]
[SourceQuality "1"]
[WhiteTeam "Nienberge"]
[BlackTeam "Weidenau/Geisweid"]
[WhiteTeamCountry "GER"]
[BlackTeamCountry "GER"]

1. e4 e6 2. d3 d5 3. Qe2 Nf6 4. Nf3 Be7 5. g3 c5 6. Bg2 Nc6 7. 0-0 Qc7 8. e5 Nd7 9. Re1 b5 10. h4 h5 11. Bf4 a5 12. Nc3 Qb6 13. Nxd5 exd5 14. e6 fxe6 15. Qxe6 Nf6 16. Qd6 Ra7 17. Ng5 Kf8 18. Rxe7 Rxe7 19. Re1 Qb7 20. c4 Ke8 21. Rxe7+ Nxe7 22. Qxc5 Qc6 23. Qa7 bxc4 24. dxc4 Qxc4 25. Bd6 Qc1+ 26. Bf1 Bd7 27. Bc5 Nc8 28. Qc7 Ng4 29. Kg2 Rf8 30. Qxa5 Rf6 31. Bb5 Qxb2 32. Bxd7+ Kxd7 33. Qa4+ Kc7 34. Qa5+ Kc6 35. Qa8+ Kxc5 36. Qxc8+ Kd4 0-1

[Event "Muensterland Regionalliga 1718"]
[Site "Germany"]
[Date "2018.02.24"]
[Round "6.3"]
[White "Gesing, Felix"]
[Black "Gottkehaskamp, Philipp"]
[Result "1/2-1/2"]
[WhiteElo "1980"]
[BlackElo "1972"]
[PlyCount "22"]
[EventDate "2017.09.02"]
[EventType "team-tourn"]
[EventRounds "9"]
[EventCountry "GER"]
[SourceTitle "EXT 2019"]
[Source "ChessBase"]
[SourceDate "2018.10.10"]
[SourceVersion "1"]
[SourceVersionDate "2018.10.10"]
[SourceQuality "1"]
[WhiteTeam "Raesfeld Erle"]
[BlackTeam "Nienberge"]
[WhiteTeamCountry "GER"]
[BlackTeamCountry "GER"]

1. e4 Nf6 2. e5 Nd5 3. d4 d6 4. Nf3 dxe5 5. Nxe5 c6 6. c4 Nb4 7. Nd3 Nxd3+ 8. Qxd3 g6 9. Be3 Bg7 10. Nc3 0-0 11. 0-0-0 Qa5 1/2-1/2

[Event "Muensterland Regionalliga 1617"]
[Site "Germany"]
[Date "2016.12.03"]
[Round "4.3"]
[White "Darwisch, Khaled"]
[Black "Gottkehaskamp, Philipp"]
[Result "1-0"]
[WhiteElo "2035"]
[BlackElo "1926"]
[PlyCount "65"]
[EventDate "2016.09.17"]
[EventType "team"]
[EventRounds "9"]
[EventCountry "GER"]
[SourceTitle "EXT 2018"]
[Source "ChessBase"]
[SourceDate "2017.10.13"]
[SourceVersion "1"]
[SourceVersionDate "2017.10.13"]
[SourceQuality "1"]
[WhiteTeam "Suedlohn"]
[BlackTeam "Nienberge"]
[WhiteTeamCountry "GER"]
[BlackTeamCountry "GER"]

1. e4 c5 2. d3 Nc6 3. g3 d5 4. Nd2 Nf6 5. h3 g6 6. Bg2 Bg7 7. Ne2 0-0 8. 0-0 e5 9. f4 dxe4 10. dxe4 exf4 11. gxf4 Qe7 12. Ng3 Rd8 13. c3 Be6 14. Qe2 Ne8 15. e5 Bd5 16. Nde4 f6 17. Be3 b6 18. c4 Bxe4 19. Bxe4 Rac8 20. Qg2 Nd4 21. f5 fxe5 22. fxg6 Nd6 23. Bd5+ Kh8 24. Nh5 h6 25. Rf7 Nxf7 26. gxf7 Qf8 27. Rf1 Rd6 28. Kh1 Nc6 29. Rg1 Ne7 30. Qxg7+ Qxg7 31. Nxg7 Nxd5 32. Ne8 Rf6 33. Rg8+ 1-0

[Event "Muensterland Regionalliga 1617"]
[Site "Germany"]
[Date "2016.09.17"]
[Round "1.4"]
[White "Storck, Martin"]
[Black "Gottkehaskamp, Philipp"]
[Result "0-1"]
[WhiteElo "1927"]
[BlackElo "1926"]
[PlyCount "54"]
[EventDate "2016.09.17"]
[EventType "team"]
[EventRounds "9"]
[EventCountry "GER"]
[SourceTitle "EXT 2018"]
[Source "ChessBase"]
[SourceDate "2017.10.13"]
[SourceVersion "1"]
[SourceVersionDate "2017.10.13"]
[SourceQuality "1"]
[WhiteTeam "Gronau"]
[BlackTeam "Nienberge"]
[WhiteTeamCountry "GER"]
[BlackTeamCountry "GER"]

1. c4 Nf6 2. Nc3 g6 3. d4 Bg7 4. e4 0-0 5. f4 d6 6. Nf3 Na6 7. Be2 e5 8. fxe5 dxe5 9. d5 Nc5 10. Qc2 Nfxe4 11. Nxe4 Bf5 12. Bd3 Bxe4 13. Bxe4 f5 14. Bxf5 Rxf5 15. Be3 e4 16. Bxc5 exf3 17. 0-0-0 c6 18. Kb1 cxd5 19. g4 Re5 20. Qd3 Re2 21. Ba3 Qf6 22. Qxd5+ Kh8 23. Rd2 Rae8 24. Rxe2 Rxe2 25. Qxb7 h6 26. Rf1 f2 27. Qb4 a5 0-1

[Event "Muensterland Regionalliga 1516"]
[Site "Germany"]
[Date "2016.02.27"]
[Round "7.3"]
[White "Broemmel, Rudolf"]
[Black "Gottkehaskamp, Philipp"]
[Result "0-1"]
[WhiteElo "1902"]
[BlackElo "1975"]
[PlyCount "116"]
[EventDate "2015.09.05"]
[EventType "team"]
[EventRounds "9"]
[EventCountry "GER"]
[SourceTitle "EXT 2017"]
[Source "ChessBase"]
[SourceDate "2016.10.25"]
[SourceVersion "1"]
[SourceVersionDate "2016.10.25"]
[SourceQuality "1"]
[WhiteTeam "Raesfeld Erle"]
[BlackTeam "Nienberge"]
[WhiteTeamCountry "GER"]
[BlackTeamCountry "GER"]

1. d4 Nf6 2. Bg5 c5 3. Nc3 Qa5 4. Nf3 Ne4 5. Bd2 Nxd2 6. Qxd2 cxd4 7. Nxd4 a6 8. Nb3 Qd8 9. g3 Nc6 10. Bg2 g6 11. h4 h5 12. Nd5 Bh6 13. f4 d6 14. Nd4 Bd7 15. e4 0-0 16. Nxc6 bxc6 17. Ne3 Qb6 18. c3 Rab8 19. Rb1 Be6 20. b3 Rfd8 21. c4 Bg7 22. Ke2 Bd4 23. Nc2 Bg4+ 24. Bf3 Bxf3+ 25. Kxf3 e5 26. Rhd1 c5 27. Ne3 Qb7 28. f5 Qb4 29. Nd5 Qxd2 30. Rxd2 Kg7 31. f6+ Kf8 32. g4 hxg4+ 33. Kxg4 Ke8 34. Rh1 Kd7 35. h5 gxh5+ 36. Rxh5 Rg8+ 37. Rg5 Ke6 38. Rd3 Rxg5+ 39. Kxg5 Rg8+ 40. Kh6 Rg4 41. Rf3 Rxe4 42. Kg7 Rg4+ 43. Kf8 e4 44. Rf1 e3 45. Nc7+ Kd7 46. Nd5 e2 47. Re1 Re4 48. Kxf7 Bf2 49. Kg6 Bxe1 50. f7 Re6+ 51. Kf5 Bh4 52. f8Q Re5+ 53. Kg4 e1Q 54. Nb6+ Kc6 55. Qc8+ Kxb6 56. Qb8+ Ka5 57. Qc7+ Kb4 58. Qb6+ Ka3 0-1

[Event "Muensterland Regionalliga 1516"]
[Site "Germany"]
[Date "2015.11.14"]
[Round "3.4"]
[White "Gottkehaskamp, Philipp"]
[Black "Luetkehermoelle, Martin"]
[Result "0-1"]
[WhiteElo "1975"]
[BlackElo "1938"]
[PlyCount "70"]
[EventDate "2015.09.05"]
[EventType "team"]
[EventRounds "9"]
[EventCountry "GER"]
[SourceTitle "EXT 2017"]
[Source "ChessBase"]
[SourceDate "2016.10.25"]
[SourceVersion "1"]
[SourceVersionDate "2016.10.25"]
[SourceQuality "1"]
[WhiteTeam "Nienberge"]
[BlackTeam "Gronau"]
[WhiteTeamCountry "GER"]
[BlackTeamCountry "GER"]

1. e4 e6 2. d3 d5 3. Qe2 dxe4 4. dxe4 e5 5. Nf3 Nc6 6. c3 Nf6 7. g3 Bg4 8. Bg2 Bd6 9. 0-0 Qd7 10. Nbd2 0-0-0 11. Nc4 Qe6 12. h3 Bh5 13. g4 Bg6 14. Nh4 Ne8 15. Nf5 h5 16. b4 hxg4 17. hxg4 Qf6 18. Qf3 Qe6 19. Nce3 Ne7 20. Rd1 f6 21. Qe2 Bf7 22. Qb5 g6 23. Ng3 Qd7 24. Qa5 Nc6 25. Qa4 Be6 26. f3 Kb8 27. Qc2 Qh7 28. Kf2 Be7 29. Rxd8+ Nxd8 30. Bd2 Qf7 31. c4 Nc6 32. a3 Nd4 33. Qd3 Nd6 34. c5 Nc4 35. Rc1 Nxd2 0-1

[Event "Muensterland Regionalliga 1516"]
[Site "Germany"]
[Date "2015.09.26"]
[Round "2.4"]
[White "Junker, Axel"]
[Black "Gottkehaskamp, Philipp"]
[Result "1/2-1/2"]
[WhiteElo "1871"]
[BlackElo "1975"]
[PlyCount "33"]
[EventDate "2015.09.05"]
[EventType "team"]
[EventRounds "9"]
[EventCountry "GER"]
[SourceTitle "EXT 2017"]
[Source "ChessBase"]
[SourceDate "2016.10.25"]
[SourceVersion "1"]
[SourceVersionDate "2016.10.25"]
[SourceQuality "1"]
[WhiteTeam "Telgte"]
[BlackTeam "Nienberge"]
[WhiteTeamCountry "GER"]
[BlackTeamCountry "GER"]

1. c4 Nc6 2. Nc3 e5 3. Nf3 g6 4. d4 exd4 5. Nxd4 Bg7 6. Nxc6 bxc6 7. g3 Qe7 8. Bg2 Qb4 9. Qb3 Rb8 10. 0-0 Ne7 11. Bf4 Qxb3 12. axb3 Rxb3 13. Bxc7 a6 14. Ne4 0-0 15. Nd6 Rxb2 16. e3 Nf5 17. Nxf5 1/2-1/2

[Event "Muensterland Regionalliga 1415"]
[Site "Germany"]
[Date "2015.05.16"]
[Round "9.4"]
[White "Rebber, Christian"]
[Black "Gottkehaskamp, Philipp"]
[Result "1/2-1/2"]
[WhiteElo "1881"]
[BlackElo "1966"]
[PlyCount "51"]
[EventDate "2014.09.20"]
[EventType "team-tourn"]
[EventRounds "9"]
[EventCountry "GER"]
[SourceTitle "EXT 2016"]
[Source "ChessBase"]
[SourceDate "2015.10.08"]
[SourceVersion "1"]
[SourceVersionDate "2015.10.08"]
[SourceQuality "1"]
[WhiteTeam "Duelmen"]
[BlackTeam "Nienberge"]
[WhiteTeamCountry "GER"]
[BlackTeamCountry "GER"]

1. e4 Nf6 2. e5 Nd5 3. d4 d6 4. c4 Nb6 5. exd6 exd6 6. Nf3 Nc6 7. Be2 Bg4 8. b3 Be7 9. 0-0 0-0 10. Bb2 Bf6 11. Nbd2 Re8 12. Re1 d5 13. c5 Nc8 14. a3 N8e7 15. Qc2 Nf5 16. Bb5 Rxe1+ 17. Rxe1 Nfxd4 18. Nxd4 Nxd4 19. Bxd4 Bxd4 20. Re8+ Qxe8 21. Bxe8 Rxe8 22. Nf3 Bf6 23. h3 Bd7 24. Qd3 c6 25. g4 g6 26. Qd2 1/2-1/2

[Event "Muensterland Regionalliga 1314"]
[Site "Germany"]
[Date "2014.05.03"]
[Round "9.3"]
[White "Gottkehaskamp, Philipp"]
[Black "Liesmann, Karsten"]
[Result "1/2-1/2"]
[WhiteElo "2002"]
[BlackElo "1992"]
[PlyCount "43"]
[EventDate "2013.09.07"]
[EventType "team-tourn"]
[EventRounds "9"]
[EventCountry "GER"]
[SourceTitle "EXT 2015"]
[Source "ChessBase"]
[SourceDate "2014.11.20"]
[SourceVersion "1"]
[SourceVersionDate "2014.11.20"]
[SourceQuality "1"]
[WhiteTeam "Nienberge"]
[BlackTeam "Bocholt"]
[WhiteTeamCountry "GER"]
[BlackTeamCountry "GER"]

1. e4 e6 2. d3 d5 3. Qe2 Nf6 4. Nf3 Be7 5. g3 0-0 6. Bg2 c5 7. 0-0 Nc6 8. e5 Nd7 9. c4 d4 10. Re1 h6 11. h4 Qc7 12. Bf4 b6 13. Nbd2 Bb7 14. Nf1 Rfe8 15. N1h2 Bf8 16. h5 a6 17. b3 b5 18. Nh4 Ne7 19. Bh3 Qc6 20. Bg2 Qc7 21. Bh3 Qc6 22. Bg2 1/2-1/2

[Event "Muensterland Verbandsliga 1213"]
[Site "Germany"]
[Date "2013.01.12"]
[Round "5.3"]
[White "Haselhorst, Helmut"]
[Black "Gottkehaskamp, Philipp"]
[Result "1/2-1/2"]
[WhiteElo "2023"]
[BlackElo "1979"]
[PlyCount "125"]
[EventDate "2012.09.22"]
[EventType "team-tourn"]
[EventRounds "9"]
[EventCountry "GER"]
[SourceTitle "EXT 2015"]
[Source "ChessBase"]
[SourceDate "2014.11.20"]
[SourceVersion "1"]
[SourceVersionDate "2014.11.20"]
[SourceQuality "1"]
[WhiteTeam "Ostbevern Westbevern"]
[BlackTeam "Nienberge"]
[WhiteTeamCountry "GER"]
[BlackTeamCountry "GER"]

1. e4 c6 2. Nc3 d5 3. Nf3 dxe4 4. Nxe4 Nf6 5. Nxf6+ gxf6 6. d4 Qd5 7. Be3 Bg4 8. Be2 Rg8 9. Qd2 Bh5 10. Nh4 Bxe2 11. Qxe2 Qe4 12. Qh5 Rg5 13. Qf3 Qxh4 14. Bxg5 Qxg5 15. 0-0 Qd5 16. Qh3 Nd7 17. Rfd1 h6 18. b3 Qe6 19. Qg3 0-0-0 20. c4 f5 21. d5 Qg6 22. dxc6 Qxc6 23. b4 Qc7 24. Qf3 e6 25. c5 Ne5 26. Qe2 Rxd1+ 27. Rxd1 Ng4 28. g3 Nf6 29. Qb2 Be7 30. b5 Nd5 31. c6 Bf6 32. Qa3 bxc6 33. bxc6 Be7 34. Qa6+ Kd8 35. a3 Bc5 36. Rb1 Bb6 37. Qc4 f4 38. Rb3 Qe5 39. Rf3 Qe1+ 40. Kg2 fxg3 41. hxg3 Qxf2+ 42. Rxf2 Ne3+ 43. Kh3 Nxc4 44. Rxf7 Nxa3 45. Rf6 Ke7 46. Rxh6 Nb5 47. g4 Nd4 48. Rh7+ Kd6 49. g5 Nf5 50. g6 Kxc6 51. g7 Nxg7 52. Rxg7 e5 53. Kg2 a5 54. Kf3 Bd4 55. Ke4 a4 56. Rg8 Kb5 57. Kd3 a3 58. Ra8 Bb2 59. Rb8+ Kc5 60. Ra8 Kd5 61. Ra5+ Ke6 62. Ke4 Kf6 63. Ra6+ 1/2-1/2

[Event "Muensterland Verbandsliga 1213"]
[Site "Germany"]
[Date "2012.09.22"]
[Round "1.2"]
[White "Gottkehaskamp, Philipp"]
[Black "Altgelt, Alexander"]
[Result "1/2-1/2"]
[WhiteElo "1979"]
[BlackElo "2179"]
[PlyCount "46"]
[EventDate "2012.09.22"]
[EventType "team-tourn"]
[EventRounds "9"]
[EventCountry "GER"]
[SourceTitle "EXT 2015"]
[Source "ChessBase"]
[SourceDate "2014.11.20"]
[SourceVersion "1"]
[SourceVersionDate "2014.11.20"]
[SourceQuality "1"]
[WhiteTeam "Nienberge"]
[BlackTeam "Muenster SK III"]
[WhiteTeamCountry "GER"]
[BlackTeamCountry "GER"]

1. Nf3 Nf6 2. g3 d6 3. Bg2 g6 4. 0-0 Bg7 5. d3 0-0 6. e4 c5 7. Re1 Nc6 8. c3 Rb8 9. d4 Bg4 10. dxc5 dxc5 11. Qxd8 Rfxd8 12. Bf4 Rbc8 13. h3 Bxf3 14. Bxf3 Nd7 15. Na3 Nde5 16. Be2 Nd3 17. Bxd3 Rxd3 18. Rad1 Rcd8 19. Rxd3 Rxd3 20. Kf1 Kf8 21. Ke2 Rd7 22. Be3 b6 23. Rd1 Rxd1 1/2-1/2

[Event "Muensterland Verbandsliga 1112"]
[Site "Germany"]
[Date "2012.01.28"]
[Round "6.5"]
[White "Schroeter, Manfred"]
[Black "Gottkehaskamp, Philipp"]
[Result "1/2-1/2"]
[WhiteElo "1927"]
[BlackElo "1850"]
[PlyCount "25"]
[EventDate "2011.09.24"]
[EventType "team-tourn"]
[EventRounds "9"]
[EventCountry "GER"]
[SourceTitle "EXT 2013"]
[Source "ChessBase"]
[SourceDate "2012.11.22"]
[SourceVersion "1"]
[SourceVersionDate "2012.11.22"]
[SourceQuality "1"]
[WhiteTeam "Saerbeck"]
[BlackTeam "Muenster III"]
[WhiteTeamCountry "GER"]
[BlackTeamCountry "GER"]

1. e4 d5 2. exd5 Qxd5 3. Nc3 Qd6 4. d4 g6 5. Nb5 Qd8 6. Bf4 Na6 7. Be5 Nf6 8. Nf3 Bg7 9. Nc3 0-0 10. Be2 Nb8 11. Nb5 Na6 12. Nc3 Nb8 13. Nb5 1/2-1/2

[Event "Muensterland Verbandsliga 1112"]
[Site "Germany"]
[Date "2011.12.17"]
[Round "4.5"]
[White "Schwietering, Ralf"]
[Black "Gottkehaskamp, Philipp"]
[Result "0-1"]
[WhiteElo "1820"]
[BlackElo "1850"]
[PlyCount "50"]
[EventDate "2011.09.24"]
[EventType "team-tourn"]
[EventRounds "9"]
[EventCountry "GER"]
[SourceTitle "EXT 2013"]
[Source "ChessBase"]
[SourceDate "2012.11.22"]
[SourceVersion "1"]
[SourceVersionDate "2012.11.22"]
[SourceQuality "1"]
[WhiteTeam "Ochtrup"]
[BlackTeam "Muenster III"]
[WhiteTeamCountry "GER"]
[BlackTeamCountry "GER"]

1. e4 d5 2. exd5 Qxd5 3. Nc3 Qe5+ 4. Qe2 Qxe2+ 5. Bxe2 c6 6. Nf3 Bf5 7. 0-0 Nd7 8. Nd4 Bg6 9. d3 Ngf6 10. a4 a5 11. Be3 e6 12. Nb3 Bd6 13. h3 0-0 14. g4 Nd5 15. Nxd5 exd5 16. Bf3 f5 17. Bd2 Bc7 18. g5 Ne5 19. Bd1 f4 20. Nc5 Bf5 21. h4 b6 22. Nb3 Bh3 23. Re1 f3 24. Bc3 Ng4 25. Nd4 Bh2+ 0-1

[Event "Muensterland op 29th"]
[Site "Senden"]
[Date "2011.10.24"]
[Round "5"]
[White "Lehmann, Holger"]
[Black "Gottkehaskamp, Philipp"]
[Result "1-0"]
[WhiteElo "2187"]
[BlackElo "2058"]
[PlyCount "81"]
[EventDate "2011.10.21"]
[EventType "swiss"]
[EventRounds "9"]
[EventCountry "GER"]
[SourceTitle "EXT 2012"]
[Source "ChessBase"]
[SourceDate "2011.11.24"]
[SourceVersion "1"]
[SourceVersionDate "2011.11.24"]
[SourceQuality "1"]

1. c4 e5 2. g3 Nc6 3. Bg2 g6 4. Nc3 Bg7 5. e4 d6 6. Nge2 h5 7. h3 Be6 8. d3 Qd7 9. Be3 Nd4 10. Nd5 Nxe2 11. Qxe2 c6 12. Nc3 Ne7 13. 0-0-0 b5 14. cxb5 cxb5 15. Nd5 Qc6+ 16. Qc2 Qxc2+ 17. Kxc2 Bxd5 18. exd5 Kd7 19. Kd2 Bh6 20. h4 Bxe3+ 21. fxe3 Rhc8 22. Rc1 Rxc1 23. Rxc1 Kd8 24. e4 Rc8 25. Rf1 Ke8 26. Bh3 Rb8 27. d4 exd4 28. Kd3 Rb7 29. Kxd4 Ng8 30. Rc1 Ke7 31. e5 dxe5+ 32. Kxe5 f6+ 33. Kd4 Nh6 34. Bc8 Nf5+ 35. Bxf5 gxf5 36. Rc8 Kd7 37. Rc6 Rb6 38. Kc5 b4 39. Rxb6 axb6+ 40. Kxb6 Kd6 41. a4 1-0

[Event "Muensterland Verbandsliga 1112"]
[Site "Germany"]
[Date "2011.10.15"]
[Round "2.4"]
[White "Gottkehaskamp, Philipp"]
[Black "Darwisch, Khaled"]
[Result "1-0"]
[WhiteElo "1850"]
[BlackElo "2001"]
[PlyCount "69"]
[EventDate "2011.09.24"]
[EventType "team-tourn"]
[EventRounds "9"]
[EventCountry "GER"]
[SourceTitle "EXT 2013"]
[Source "ChessBase"]
[SourceDate "2012.11.22"]
[SourceVersion "1"]
[SourceVersionDate "2012.11.22"]
[SourceQuality "1"]
[WhiteTeam "Muenster III"]
[BlackTeam "Suedlohn"]
[WhiteTeamCountry "GER"]
[BlackTeamCountry "GER"]

1. Nf3 d6 2. g3 e5 3. d3 Be7 4. Bg2 f5 5. e4 Nf6 6. Nbd2 0-0 7. 0-0 Nc6 8. c3 fxe4 9. dxe4 Kh8 10. Qb3 Na5 11. Qc2 Be6 12. Rd1 c5 13. Nf1 Nc6 14. Ne3 Qc8 15. Nh4 Ng4 16. Nhf5 Nxe3 17. Nxe3 Bh3 18. Bxh3 Qxh3 19. Rd5 Qe6 20. Qd1 g6 21. Nc4 Rad8 22. a4 Rf7 23. Be3 b6 24. Qd3 Rf3 25. Rd1 Rdf8 26. Qc2 Qh3 27. Nxd6 Nd4 28. cxd4 cxd4 29. Nc4 dxe3 30. Nxe3 Rxf2 31. Qxf2 Rxf2 32. Kxf2 Qxh2+ 33. Kf3 Qh5+ 34. Ng4 Qg5 35. Rxe5 1-0

[Event "Muensterland Verbandsklasse-A 1011"]
[Site "Germany"]
[Date "2010.11.13"]
[Round "3.8"]
[White "Gottkehaskamp, Philipp"]
[Black "Gehlen, Horst"]
[Result "0-1"]
[WhiteElo "1879"]
[BlackElo "1698"]
[PlyCount "58"]
[EventDate "2010.09.18"]
[EventType "team-tourn"]
[EventRounds "9"]
[EventCountry "GER"]
[SourceTitle "EXT 2012"]
[Source "ChessBase"]
[SourceDate "2011.11.24"]
[SourceVersion "1"]
[SourceVersionDate "2011.11.24"]
[SourceQuality "1"]
[WhiteTeam "Muenster SK III"]
[BlackTeam "Duelmen"]
[WhiteTeamCountry "GER"]
[BlackTeamCountry "GER"]

1. Nf3 Nf6 2. d4 c5 3. c4 cxd4 4. Nxd4 e5 5. Nb5 d5 6. cxd5 Bc5 7. e3 0-0 8. N1c3 a6 9. Qa4 Bd7 10. Qc4 axb5 11. Qxc5 Na6 12. Qd6 Qa5 13. Bd2 b4 14. Nb1 Nc5 15. a3 Nce4 16. Qxb4 Qxd5 17. Bc4 Qc6 18. 0-0 Ra4 19. b3 Rxb4 20. Bxb4 Be6 21. Bxe6 Qxe6 22. Bxf8 Kxf8 23. f3 Qxb3 24. fxe4 Qb2 25. Nc3 Qxc3 26. Rac1 Qxe3+ 27. Kh1 Nxe4 28. Rc8+ Ke7 29. Rc7+ Ke6 0-1

[Event "Muensterland op 28th"]
[Site "Senden"]
[Date "2010.10.17"]
[Round "2"]
[White "Terhorst, Jochen"]
[Black "Gottkehaskamp, Philipp"]
[Result "1-0"]
[WhiteElo "2185"]
[BlackElo "2063"]
[PlyCount "60"]
[EventDate "2010.10.16"]
[EventType "swiss"]
[EventRounds "9"]
[EventCountry "GER"]
[SourceTitle "CBM 138 Extra"]
[Source "ChessBase"]
[SourceDate "2010.10.29"]
[SourceVersion "1"]
[SourceVersionDate "2010.10.29"]
[SourceQuality "1"]

1. e4 Nf6 2. e5 Nd5 3. d4 d6 4. c4 Nb6 5. exd6 exd6 6. Nf3 Be7 7. Bd3 Nc6 8. Be3 Nb4 9. Be2 Bf5 10. Na3 0-0 11. Qd2 a5 12. 0-0 Bf6 13. b3 Re8 14. Rac1 d5 15. c5 Nc8 16. Nb5 c6 17. Nc3 Bg4 18. a3 Na6 19. h3 Bxf3 20. Bxf3 Nc7 21. Bd1 Ne6 22. Ne2 g6 23. Bc2 Bg7 24. g4 Qh4 25. Kg2 h5 26. g5 f6 27. Bxg6 Nxg5 28. Nf4 Ne4 29. Qe2 Re7 30. Bxh5 Bh6 1-0

[Event "Muensterland Verbandsklasse-B 0910"]
[Site "Germany"]
[Date "2010.04.24"]
[Round "9.4"]
[White "Mense, Jens Uwe"]
[Black "Gottkehaskamp, Philipp"]
[Result "1-0"]
[WhiteElo "1717"]
[BlackElo "1839"]
[PlyCount "119"]
[EventDate "2009.09.19"]
[EventType "team-tourn"]
[EventRounds "9"]
[EventCountry "GER"]
[SourceTitle "EXT 2011"]
[Source "ChessBase"]
[SourceDate "2010.11.26"]
[SourceVersion "1"]
[SourceVersionDate "2010.11.26"]
[SourceQuality "1"]
[WhiteTeam "Nordwalde"]
[BlackTeam "Muenster SK III"]
[WhiteTeamCountry "GER"]
[BlackTeamCountry "GER"]

1. d4 Nf6 2. Nc3 d5 3. Bg5 Nbd7 4. Nf3 g6 5. Qd2 h6 6. Bf4 a6 7. Ne5 Bg7 8. 0-0-0 c6 9. g4 Nxe5 10. Bxe5 Bxg4 11. f3 Bh5 12. Bf4 b5 13. Nb1 Nd7 14. h4 e6 15. Bd6 Nb6 16. Bc5 Bf8 17. Bxf8 Kxf8 18. Qf4 Kg7 19. Bh3 Qb8 20. Qxb8 Raxb8 21. Rhg1 Rhe8 22. Nd2 e5 23. dxe5 Rxe5 24. Rde1 Rbe8 25. e4 dxe4 26. fxe4 f6 27. Rg3 g5 28. Rge3 Bg6 29. Bg2 Nd5 30. Ra3 Nf4 31. Bf3 f5 32. hxg5 hxg5 33. Rxa6 fxe4 34. Bg4 Rc5 35. Re3 Rh8 36. b4 Rh1+ 37. Kb2 Rd5 38. Nxe4 Re5 39. Bf3 Rh3 40. Rxc6 Rxf3 41. Rxf3 Rxe4 42. a3 g4 43. Rg3 Nh5 44. Rg2 g3 45. Rc5 Re3 46. Rxb5 Nf4 47. Rg1 g2 48. Rc5 Re2 49. Rc3 Be4 50. b5 Kf6 51. a4 Nd3+ 52. Kb3 Ne1 53. b6 Ke6 54. a5 Bxc2+ 55. Kb4 Bd1 56. a6 Rb2+ 57. Kc5 Nf3 58. Rxd1 g1Q+ 59. Rxg1 Nxg1 60. a7 1-0

[Event "Muensterland Verbandsklasse-B 0910"]
[Site "Germany"]
[Date "2010.01.30"]
[Round "6.4"]
[White "Gottkehaskamp, Philipp"]
[Black "Jacob, Helmut"]
[Result "1/2-1/2"]
[WhiteElo "1839"]
[BlackElo "1981"]
[PlyCount "61"]
[EventDate "2009.09.19"]
[EventType "team-tourn"]
[EventRounds "9"]
[EventCountry "GER"]
[SourceTitle "EXT 2011"]
[Source "ChessBase"]
[SourceDate "2010.11.26"]
[SourceVersion "1"]
[SourceVersionDate "2010.11.26"]
[SourceQuality "1"]
[WhiteTeam "Muenster SK III"]
[BlackTeam "Ochtrup"]
[WhiteTeamCountry "GER"]
[BlackTeamCountry "GER"]

1. e4 c6 2. d3 d5 3. Nd2 e5 4. Ngf3 Bd6 5. d4 exd4 6. exd5 Qe7+ 7. Qe2 d3 8. Qxe7+ Nxe7 9. Ne4 Bb4+ 10. c3 cxd5 11. Ng3 Bc5 12. Bxd3 Nbc6 13. 0-0 Bg4 14. Nh4 0-0 15. h3 Bd7 16. Nhf5 Rfe8 17. Nxe7+ Rxe7 18. b4 Bb6 19. Bf4 Ne5 20. Rfe1 Rae8 21. Bxe5 Rxe5 22. Rxe5 Rxe5 23. Kf1 Bd8 24. Re1 Bf6 25. Rxe5 Bxe5 26. Ne2 Kf8 27. Nd4 g6 28. Ke2 Ke7 29. h4 f5 30. g3 Kf6 31. f4 1/2-1/2